| 000 | 00886nam a22002175i 4500 | ||
|---|---|---|---|
| 001 | 154730 | ||
| 003 | ES-MaACL | ||
| 005 | 20251221185940.0 | ||
| 008 | 040709m18751876gw |||| | ger d | ||
| 040 |
_aCAM _bspa _cCAM |
||
| 100 | 1 |
_aGraetz, Heinrich, _d1817-1891 _9127523 |
|
| 245 | 1 | 0 |
_aGeschichte der Israeliten vom Code des König's Salomo (um 977 vorchr. Zeit) bis zum Code des Juda Makkabi (160) / _cvon H. Graetz. |
| 260 |
_aLeipzig : _bOskar Leiner, _c1875-1876. |
||
| 300 |
_a2 v. (XII, 495; XI, 480 p.) ; _c21 cm. |
||
| 490 | 1 |
_aGeschichte der Juden von den ältesten Zeiten bis auf die Gegenwart ; _v2 |
|
| 650 |
_aJudíos- _vHistoria. _913994 |
||
| 651 | 4 |
_aIsrael- _xHistoria. _98858 |
|
| 830 | 0 |
_aGeschichte der Juden von den ältesten Zeiten bis auf die Gegenwart _v2 _9187903 |
|
| 852 |
_aES-MaACL _jG-2573-2574 _z-- Enc. hol. |
||
| 999 |
_c154730 _d154730 |
||